| 000 | 00441nam a2200193Ia 4500 | ||
|---|---|---|---|
| 005 | 20250425161230.0 | ||
| 008 | 250425s9999 xx 000 0 und d | ||
| 020 | _a9684630190 | ||
| 041 | _aspa | ||
| 082 | _a634.956 | ||
| 100 | _aHOCKER, HAROLD W. | ||
| 245 | 0 | _aINTRODUCCION A LA BIOLOGIA FORESTAL | |
| 250 | _a1A ED. | ||
| 260 | _aMEXICO | ||
| 260 |
_aMéxico _bA.G.T. _c1984 |
||
| 300 | _a446 | ||
| 942 | _c01 | ||
| 010 | _a15722 | ||
| 999 |
_c205080 _d205080 |
||